|
|
|
|
| LEADER |
00000nam0a2200000 4500 |
| 001 |
76980 |
| 005 |
20231031092019.0 |
| 035 |
|
|
|a (RuTPU)RU\TPU\book\82550
|
| 090 |
|
|
|a 76980
|
| 100 |
|
|
|a 20050510d1984 m y0rusy50 ca
|
| 101 |
0 |
|
|a rus
|
| 102 |
|
|
|a RU
|
| 105 |
|
|
|a a j 001zy
|
| 200 |
1 |
|
|a Основы автоматики
|e учебное пособие
|f А. Ф. Зимодро, Г. Л. Скибинский
|
| 210 |
|
|
|a Ленинград
|c Энергоатомиздат
|d 1984
|
| 215 |
|
|
|a 160 с.
|c ил.
|
| 320 |
|
|
|a Библиогр.: с. 158
|
| 320 |
|
|
|a Предметный указатель: с. 158-159
|
| 610 |
1 |
|
|a автоматика
|
| 610 |
1 |
|
|a измерительные элементы
|
| 610 |
1 |
|
|a усилительные элементы
|
| 610 |
1 |
|
|a работа
|
| 610 |
1 |
|
|a применение
|
| 610 |
1 |
|
|a автоматическое управление
|
| 610 |
1 |
|
|a телемеханика
|
| 610 |
1 |
|
|a учебные пособия
|
| 675 |
|
|
|a 681.5(075.8)
|v 3
|
| 700 |
|
1 |
|a Зимодро
|b А. Ф.
|g Анатолий Фаддеевич
|
| 701 |
|
1 |
|a Скибинский
|b Г. Л.
|g Григорий Львович
|
| 801 |
|
1 |
|a RU
|b 63413507
|c 20050510
|g PSBO
|
| 801 |
|
2 |
|a RU
|b 63413507
|c 20160902
|g PSBO
|
| 942 |
|
|
|c BK
|